000 00460nam a2200181Ia 4500
005 20250603144811.0
008 250603s9999 xx 000 0 und d
020 _a9788174732125
050 _aRM 36 .D53/
100 _aEdited by Lakhau; Sujata; Ankit Prabhakar & Abhishek Gupta
245 0 _aDictionary of physiotherapy
260 _aDelhi
260 _bAITBS Publishers, India
260 _c2011
300 _a629 p
650 _aDelhi
942 _cBK
999 _c39987
_d39987